La caída de la casa de usher (apunte) /

Guardado en:
Formato: Libro
Publicado: : , 0
Materias:
Fc
Etiquetas: Agregar Etiqueta
Sin Etiquetas, Sea el primero en etiquetar este registro!
LEADER 00766nam a22002055a 4500
001 CEM.cems008288
005 20060214000000.0
008 130507b######################000#0#####d
003 CEMS
082 0 4 |a F800 
245 0 0 |a La caída de la casa de usher (apunte) / 
260 |a  :  |b , 0 
653 |a Fc 
859 |a CEMS  |b BIB. CEMS - 11 de abril  |h F800  |i 20  |p 845.44  |t Ej.1 
859 |a CEMS  |b BIB. CEMS - 11 de abril  |h F800  |i 20  |p 846.44  |t Ej.2 
859 |a CEMS  |b BIB. CEMS - 11 de abril  |h F800  |i 20  |p 847.44  |t Ej.3 
859 |a CEMS  |b BIB. CEMS - 11 de abril  |h F800  |i 20  |p 848.44  |t Ej.4 
859 |a CEMS  |b BIB. CEMS - 11 de abril  |h F800  |i 20  |p 849.44  |t Ej.5 
859 |a CEMS  |b BIB. CEMS - 11 de abril  |h F800  |i 20  |p 850.44  |t Ej.6 
859 |a CEMS  |b BIB. CEMS - 11 de abril  |h F800  |i 20  |p 851.44  |t Ej.7